Rubbish! : The archaeology of garbage

Bibliographic Details
Main Author: Rathje,William
Format: Book
Published: New York : HarperCollins publishers , 1992
Subjects:

MARC

LEADER 00000cam a2200000 7i4500
001 0000062392
005 20160410.0
008 160410
020 |a 0060166037 
090 0 0 |a 363.728097471   |b RAT 
100 1 |a Rathje,William 
245 1 1 |a Rubbish! :   |b The archaeology of garbage   |c William Rathje;Cullen Murphy 
260 |a New York :   |b HarperCollins publishers ,   |c 1992 
650 0 |a Garbage project (university of Arizona) 
650 0 |a Refuse and refuse disposal-research-New York 
650 0 |a Refuse and refuse disposal-United States-case studies 
999 |a 0000744375   |b Book   |c Adult Collection   |e Cawangan Pontian